000 00319nam a22001457a 4500
020 _a0-7451-5070-5
082 _a823
_bMUL/I
100 _aMULHERIN, JENNIFER
100 _aHEAP, JONATHAN
245 _aOTHELLO
260 _aBATH, AVON
_bCHERRY TREE
_c1999
300 _a30
650 _aENGLISH STORY
_zUSA
942 _cBK
999 _c2649
_d2649